All countries that were involved in WW1 - Statistics

General Stats
  • This quiz has been taken 148 times
    146 since last reset
  • The average score is 23 of 34
Answer Stats
Entente and Central Powers % Correct
Austria-Hungary
97%
United Kingdom
96%
France
95%
Italy
92%
Japan
92%
United States of America
91%
Bulgaria
90%
Canada
90%
Belgium
85%
Australia
84%
Ottoman Empire
84%
Serbia
84%
China
83%
Greece
82%
Portugal
82%
Romania
82%
German Empire
81%
Russian Empire
78%
New Zealand
76%
Montenegro
73%
Brazil
71%
South Africa
65%
Luxembourg
56%
Thailand
47%
Honduras
44%
Panama
44%
Guatemala
43%
Costa Rica
42%
Cuba
42%
Nicaragua
42%
Haiti
36%
Newfoundland
35%
Liberia
31%
Nepal
21%
No matching quizzes found
Score Distribution
Percent of People with Each Score
Percentile by Number Answered
Your Score History
You have not taken this quiz since the last reset